Development economics
Development Economics will be the definitive textbook in this subject for years to come. It will prove useful to researchers by showing intriguing connections among a wide variety of subjects that are rarely discussed together in the same book. And it will be an important resource for policy-makers,...
Đã lưu trong:
| 主要作者: | |
|---|---|
| 格式: | 圖書 |
| 語言: | Undetermined |
| 出版: |
Princeton, N.J.
Princeton University Press
1998
|
| 主題: | |
| 標簽: |
添加標簽
沒有標簽, 成為第一個標記此記錄!
|
| Thư viện lưu trữ: | Trung tâm Học liệu Trường Đại học Cần Thơ |
|---|
| LEADER | 00966nam a2200205Ia 4500 | ||
|---|---|---|---|
| 001 | CTU_158933 | ||
| 008 | 210402s9999 xx 000 0 und d | ||
| 020 | |c 88.65 | ||
| 082 | |a 338.9 | ||
| 082 | |b R263 | ||
| 100 | |a Ray, Debraj | ||
| 245 | 0 | |a Development economics | |
| 245 | 0 | |c Debraj Ray | |
| 260 | |a Princeton, N.J. | ||
| 260 | |b Princeton University Press | ||
| 260 | |c 1998 | ||
| 520 | |a Development Economics will be the definitive textbook in this subject for years to come. It will prove useful to researchers by showing intriguing connections among a wide variety of subjects that are rarely discussed together in the same book. And it will be an important resource for policy-makers, who increasingly find themselves dealing with complex issues of growth, inequality, poverty, and social welfare. | ||
| 650 | |a Development economics,Phát triển kinh tế | ||
| 904 | |i Thùy, Năm | ||
| 980 | |a Trung tâm Học liệu Trường Đại học Cần Thơ | ||